Türkiye İş Bankası Uluslararası Atatürk Sempozyumu (Record no. 2258)

MARC details
000 -BAŞLIK
Sabit Uzunlukta Kontrol Alanı 01062na a2200265 4500
001 - KONTROL NUMARASI
Denetim Alanı 14945
003 - KONTROL NUMARASI IDENTIFIER
Denetim Alanı MIRAKIL
005 - SON İŞLEM TARİHİ VE ZAMANI
Denetim Alanı 20181213154851.0
008 - SABİT-BOY VERİ ELEMANLARI - GENEL BİLGİLER
Sabit Uzunlukta Kontrol Alanı 160919b tu 000 0
035 ## - SİSTEM KONTROL NUMARASI
Sistem Kontrol Numarası 14945
040 ## - KATALOGLAMA KAYNAK
Orijinal Kataloglama Ajansı Milas
Kataloglama Dili tur
Metne Dönüştürmek Ajansı TR-AnCHP
082 ## - DEWEY ONLU SINIFLANDIRMA NUMARASI
Sınıflandırma Numarası ATA 956.1024
Ürün Numarası T96b 1981
090 ## - SINIFLAMA NUMARASI
Sınıflama Numarası ATA 956.1024 T96b 1981
111 ## - ANA GİRİŞ - TOPLANTI ADI
Giriş Elemanı Olarak Toplantı Adı Veya Yargı Alanı Adı Türkiye İş Bankası Uluslararası Atatürk Sempozyumu
Toplantı Veya Antlaşma İmzalandığı Tarihi 1981
222 ## - ANAHTAR ADI
Anahtar Başlık Bildiriler ve tartışmalar
245 ## - BAŞLIK TABLOSU
Başlık Türkiye İş Bankası Uluslararası Atatürk Sempozyumu
Başlığın Kalan (17-22 Mayıs 1981) : Bildiriler ve tartışmalar
Sorumluluk Tablosu, Vb Türkiye İş Bankası
246 ## - UNVAN FORM VARYING
Başlık Doğru / Kısa Başlığı Atatürk Sempozyumu : Bildiriler ve tartışmalar
260 ## - YAYIN, DAĞITIM, VB
Yayın, Dağıtım, Vb Yeri Ankara
Yayıncı, Dağıtıcı, Vs Adı Türkiye iş bankası kültür yayınları
Yayın, Dağıtım, Vb Tarihi 1983
300 ## - FİZİKSEL TANIM
Kapsam 852 s.
Diğer Fiziksel Ayrıntıları fotg.
Boyutlar 19 sm.
490 ## - SERİSİ TABLOSU
Seri Beyanı Atatürk'ün Doğumunun 100. Yılı dizisi
Hacim / Ardışık Tanımı 10
490 ## - SERİSİ TABLOSU
Seri Beyanı Türkiye İş Bankası Kültür Yayınları
Hacim / Ardışık Tanımı 254
600 ## - KONU KATMA GİRİŞ - KURUMSAL ADI
Kişisel Ad Atatürk, Mustafa Kemal
Bir Adıyla İlişkilendirilen Tarihler 1881- 1938
Genel Alt Bölümü Siyasal ve sosyal görüşler
600 ## - KONU KATMA GİRİŞ - KURUMSAL ADI
Kişisel Ad Atatürk, Mustafa Kemal
Bir Adıyla İlişkilendirilen Tarihler 1881-1938
Kronolojik Alt Bölümü Toplantılar
942 ## - EKLENDİ GİRİŞ ELEMANLARI (KOHA)
Sınıflandırma Veya Raf Düzeni Kaynak
Koha Öğesi Türü Books
999 ## - SİSTEM KONTROL NUMARALARI (KOHA)
Koha Biblionumber 2258
Koha Biblioitemnumber 2258
Holdings
Kalıcı Konum Mevcut Konum Edinme Tarihi Edinim Kaynak Toplam Check-Out'Lar Tam Çağrı Numarası Barkod Tarih Son Görülme İtibaren Geçerli Fiyatlar Koha Öğesi Türü
CHP Kütüphanesi CHP Kütüphanesi 09/02/2016 Bağış   ATA 956.1024 T96b 1981 004024 09/02/2016 09/02/2016 Books